000 00475nam a2200181Ia 4500
001 18660
005 20260306171647.0
008 260306s9999||||xx |||||||||||||| ||und||
041 _aESP
082 _a658.4095
_bS38L 2005
100 _aSenge, Peter
_eAUT
245 0 _aLa quinta disciplina en la práctica:
_bComo construir una organizacion inteligente
260 _c2005
300 _a587 páginas :
_c
650 _aGEN
654 _aCAN
942 _cLIB
_dJUS
_fJUS
_2ddc
_n
999 _c18660
_d18660